The Continuing crisis : (Record no. 189464)
[ view plain ]
| 000 -LEADER | |
|---|---|
| fixed length control field | 00838pam a2200241 a 4500 |
| 001 - CONTROL NUMBER | |
| control field | 989603 |
| 003 - CONTROL NUMBER IDENTIFIER | |
| control field | BD-DhUL |
| 005 - DATE AND TIME OF LATEST TRANSACTION | |
| control field | 20170420114026.0 |
| 008 - FIXED-LENGTH DATA ELEMENTS--GENERAL INFORMATION | |
| fixed length control field | 860923s1987 dcub b 001 0 eng |
| 010 ## - LIBRARY OF CONGRESS CONTROL NUMBER | |
| LC control number | 86024145 |
| 020 ## - INTERNATIONAL STANDARD BOOK NUMBER | |
| International Standard Book Number | 0896331059 : |
| Terms of availability | $22.00 (est.) |
| 020 ## - INTERNATIONAL STANDARD BOOK NUMBER | |
| International Standard Book Number | 0896331067 (pbk.) : |
| Terms of availability | $14.00 (est.) |
| 040 ## - CATALOGING SOURCE | |
| Original cataloging agency | BD-DhUL |
| Transcribing agency | BD-DhUL |
| Modifying agency | BD-DhUL |
| 043 ## - GEOGRAPHIC AREA CODE | |
| Geographic area code | cc----- |
| -- | n-us--- |
| -- | nc----- |
| 050 00 - LIBRARY OF CONGRESS CALL NUMBER | |
| Classification number | F1436.8.U6 |
| Item number | C67 1987 |
| 082 00 - DEWEY DECIMAL CLASSIFICATION NUMBER | |
| Classification number | 327.730728 |
| Edition number | 19 |
| 245 04 - TITLE STATEMENT | |
| Title | The Continuing crisis : |
| Remainder of title | U.S. policy in Central America and the Caribbean = thirty essays by statesmen, scholars, religious leaders, and journalists / |
| Statement of responsibility, etc. | edited by Mark Falcoff and Robert Royal. |
| 300 ## - PHYSICAL DESCRIPTION | |
| Extent | xi, 555 p. : |
| Other physical details | maps ; |
| Dimensions | 24 cm. |
| 500 ## - GENERAL NOTE | |
| General note | Includes index. |
| 504 ## - BIBLIOGRAPHY, ETC. NOTE | |
| Bibliography, etc | Bibliography: p. 541-546. |
| 700 1# - ADDED ENTRY--PERSONAL NAME | |
| Personal name | Falcoff, Mark. |
| 942 ## - ADDED ENTRY ELEMENTS (KOHA) | |
| Source of classification or shelving scheme | |
| Koha item type | Reference |
| Price effective from | Date last seen | Permanent Location | Not for loan | Date acquired | Source of classification or shelving scheme | Koha item type | Lost status | Withdrawn status | Source of acquisition | Collection code | Damaged status | Shelving location | Barcode | Current Location | Full call number |
|---|---|---|---|---|---|---|---|---|---|---|---|---|---|---|---|
| 2017-04-20 | 2017-04-20 | Dhaka University Library | Not For Loan | 2017-04-20 | Reference | Gift | Reference | American Studies Corner | 365961 | Dhaka University Library | 327.730728 |
